00590nam a22001457a 4500008004100000020001900041040005500060080002500115245017100140260003800311300002100349650002800370700002100398700002500419230331b |||||||| |||| 00| 0 eng d a 9780444876492 aNational Science LibrarycNational Science Library aD 681.324(082.2)bM5 aNew world of the information society: c/ Proceedings of the Seventh International Conference on Computer Communication, Sydney, Australia, 30 October-2 November 1984 aNew York: bNorth-Holland, c1985 a xxxviii, 886p.  aComputer Communication  aPearcey, T (Ed.) aBennett, John M(Ed.)